000 00507nam a2200157 i 4500
001 37212
003 ES-MaACL
005 20230906155527.0
007 t|
008 030220s1955 pe ||||1| spa d
100 1 _aBustamante y Rivero, José Luis.
_932884
245 1 4 _aLas nuevas concepciones jurídicas sobre el alcance del mar territorial /
_cJosé Luis Bustamante y Rivero.
260 _aLima :
_b[s.n.,
_c1955] (
_fTip. Peruana)
300 _a23 p. ;
_c25 cm.
852 _aES-MaACL
_j1981-F-19
_bR.38054
999 _c37212
_d37212